MARC

LEADER 00000nam0a2200000 4500
001 196577
005 20231031183149.0
035 |a (RuTPU)RU\TPU\book\214448 
090 |a 196577 
100 |a 20110526d1966 m y0rusy50 ca 
101 1 |a rus  |c fre 
102 |a RU 
105 |a a z 001zy 
200 1 |a Современная математика  |e пер. с фр.  |f Р. Фор, А. Кофман, М. Дени-Папен 
210 |a Москва  |c Мир  |d 1966 
215 |a 272 с.  |c ил. 
320 |a Библиогр.: с. 266. 
610 1 |a математика 
610 1 |a множества 
610 1 |a подмножества 
610 1 |a булевы операции 
610 1 |a отношения 
610 1 |a алгебра 
610 1 |a кванторы 
610 1 |a кольца 
610 1 |a идеалы 
610 1 |a числа 
610 1 |a линейная алгебра 
610 1 |a векторные пространства 
610 1 |a линейные отображения 
610 1 |a полилинейная алгебра 
610 1 |a полиномы 
610 1 |a топологические понятия 
610 1 |a дифференциалы 
610 1 |a интегралы 
675 |a 51  |v 3 
700 1 |a Фор  |b Р.  |g Робер 
701 1 |a Кофман  |b А.  |g Арнольд 
701 1 |a Дени-Папен  |b М. 
801 1 |a RU  |b 63413507  |c 20110526 
801 2 |a RU  |b 63413507  |c 20140827  |g RCR 
942 |c BK